00510nam a2200217Ia 450000500170000000800410001702000150005804100080007308200130008110000300009424500330012425000110015726000140016826000250018230000080020765000130021565000140022865000120024265000280025401000100028220250425162012.0250425s9999 xx 000 0 und d a8432963038 aspa a621.3892 aRUIZ VASSALLO, FRANCISCO 0aMANUAL DE BAFLES Y ALTAVOCES a1A ED. aBARCELONA aEspañabCEACc1984 a166 aACUSTICA aALTAVOCES aBAFFLES aTRANSDUCTORES DE SONIDO a39503